Stock Tickers - Statistics

General Stats
  • This quiz has been taken 92 times
  • The average score is 11 of 15
Answer Stats
Hint Answer % Correct
Apple AAPL
100%
AT&T T
99%
McDonalds MCD
98%
Microsoft MSFT
98%
General Motors GM
96%
Amazon AMZN
95%
Tesla TSLA
95%
Netflix NFLX
91%
Philip Morris PM
89%
Coca Cola KO
76%
Best Buy BBY
52%
Chevron CVX
42%
Hershey HSY
39%
Chipotle CMG
31%
Altria MO
22%
No matching quizzes found
Score Distribution
Percent of People with Each Score
Percentile by Number Answered
Your Score History
You have not taken this quiz